000 00695nam a2200205Ia 4500
005 20250508153041.0
008 008 250505s9999 xx 000 0 eng d
037 _aBooks to be hide in OPAC
040 _aFEDL
_beng
_cFEDL
041 _aeng
_2eng
084 _a371.4, MET/O
_qFEDL
245 0 _aWorld of work
245 2 _cA Committee of Teachers from the Council Schools
260 _aNew York, USA
_bMetropolitan School Study Council
_c1949
300 _aviii,44p.
546 _aNumber 8 in a series of reports surveying newer educational practices
650 _aEducational - Guideance and Counseling
_9757599
942 _cHB
_h371.4, MET/O
999 _c1340380
_d1340380